000 00463nab a2200145Ia 4500
003 ES-SlBCS
005 20210601131007.0
008 140529s1989 xxu||||| |||| 00| 0 fre d
041 _afre
100 1 _aImbert, Francis
_9165273
245 0 0 _aLe travail de la contradiction dans le Livre I de l'Émile
_c Francis Imbert
600 1 4 _aRousseau
_916777
773 0 _tRevue de Métaphysique et de Morale
_gvol. 94, nº. 2, 1989, págs. 205-228
_wRev1457
942 _cAR
999 _c555872
_d555872